| 000 | 00786nam a2200265#a 4500 | ||
|---|---|---|---|
| 001 | 01189 | ||
| 003 | HDC | ||
| 007 | ta | ||
| 008 | 230623s2009 xx 000 0 eng d | ||
| 020 | _a9789678918091 (pbk.) | ||
| 040 | _aHDC | ||
| 050 |
_aKPG 14 _b.L3 T73 2009 |
||
| 110 | _aMalaysia | ||
| 245 | 0 |
_aTrade Marks Act 1976 (Act 175) & Regulations : _b(as at 10th February 2009) / _ccompiled by Legal Research Board |
|
| 264 |
_aPetaling Jaya : _bInternational Law Book Services, _c2009 |
||
| 300 |
_a163p. ; _c 24cm |
||
| 490 | _aLaw of Malaysia | ||
| 650 |
_aTrademark licenses _zMalaysia |
||
| 650 |
_aTrademarks _xLaw and legislation _zMalaysia |
||
| 710 | _aLembaga Penyelidikan Undang-Undang | ||
| 942 | _2lcc | ||
| 942 | _cBK | ||
| 942 | _kKPG 14 | ||
| 942 | _m.L3 T73 2009 | ||
| 999 |
_c22759 _d22759 |
||